Loading...

An introduction to the english novel

Bibliographic Details
Main Author: Kettle, Arnold
Format: Printed Book
Published: New Delhi, Universal Book Stall 1990
Series:2
Subjects:
LEADER 005620000a22001810004500
020 |a 81-85392-49-8 
082 |a 823.09 KET/I N0.2 
100 |a Kettle, Arnold 
245 |a An introduction to the english novel 
260 |a New Delhi, Universal Book Stall 
260 |c 1990 
490 |a 2  |c Henry James to 1950 
650 |a English literature 
650 |a History 
650 |a Novel 
942 |c BK 
999 |c 133999  |d 133995 
952 |0 0  |1 0  |4 0  |6 823_090000000000000_KET_I_N0_2  |7 0  |9 132912  |a SCP  |b SCP  |d 2014-02-11  |l 0  |o 823.09 KET/I N0.2  |p SCP03486  |r 2014-02-11  |w 2014-02-11  |y BK